Applied statistics : a handbook of BMDP analyses /

Bibliographic Details
Main Author: Snell, E. J.
Other Authors: Cox, D. R. (David Roxbee)
Format: Book
Language:English
Published: London ; New York : Chapman and Hall, 1987.
Subjects:

MARC

Tag First Indicator Second Indicator Subfields
LEADER 00000cam a2200000 a 4500
001 in00000006998
005 20151004070028.0
008 860806s1987 enka b 00110 eng
010 |a  86021529  
020 |a 0412284103 (pbk.) :  |c £6.50 
035 |a (OCoLC)14129433 
035 |9 AAA1461AM 
040 |a DLC  |c DLC  |d m/c  |d TXA  |d UtOrBLW 
049 |a TXAM  |c [A10993456] 
050 0 0 |a QA276  |b .C6653 1981 Suppl. 
082 0 |a 519.5  |2 19 
100 1 |a Snell, E. J. 
245 1 0 |a Applied statistics :  |b a handbook of BMDP analyses /  |c E.J. Snell. 
264 1 |a London ;  |a New York :  |b Chapman and Hall,  |c 1987. 
300 |a ix, 171 pages :  |b illustrations ;  |c 24 cm. 
336 |a text  |b txt  |2 rdacontent 
337 |a unmediated  |b n  |2 rdamedia 
338 |a volume  |b nc  |2 rdacarrier 
500 |a On title page the registered trademark symbol "TM" is superscript following "BMDP" in the title. 
500 |a "A complement to Applied statistics: principles and examples [by] D.R. Cox and E.J. Snell." 
504 |a Bibliography: pages 167-168. 
500 |a Includes index. 
650 0 |a Mathematical statistics. 
650 0 |a Medical statistics  |x Data processing. 
700 1 |a Cox, D. R.  |q (David Roxbee).  |t Applied statistics. 
999 |a MARS 
999 f f |s 8074424e-dbe5-3a6e-8911-90571e97811c  |i e3f51cd2-aa42-3b64-8a02-42b64fc60635  |t 0 
952 f f |p ric  |a Texas A&M University  |b Rellis Campus  |c Joint Library Facility  |d Remote Storage  |t 0  |e QA276 .C6653 1981 Suppl.  |h Library of Congress classification  |i unmediated -- volume  |m A14810993456 
998 f f |a QA276 .C6653 1981 Suppl.  |t 0  |l Remote Storage